Energy Drink Brand Logos - Statistics

General Stats
  • This quiz has been taken 48 times
  • The average score is 6 of 10
Answer Stats
Picture Answer % Correct
Monster
93%
Bang
91%
Redbull
91%
Rockstar
82%
Ghost
78%
Celsius
71%
Reign
60%
Bucked Up
47%
Phorm
18%
Relentless
2%
No matching quizzes found
Score Distribution
Percent of People with Each Score
Percentile by Number Answered
Your Score History
You have not taken this quiz